Asamiya gadyar saneki/ (Record no. 11278)

MARC details
000 -LEADER
fixed length control field 00587nam a22002057a 4500
005 - DATE AND TIME OF LATEST TRANSACTION
control field 20220502101654.0
008 - FIXED-LENGTH DATA ELEMENTS--GENERAL INFORMATION
fixed length control field 220502b ||||| |||| 00| 0 eng d
020 ## - INTERNATIONAL STANDARD BOOK NUMBER
International Standard Book Number 9789393881977
040 ## - CATALOGING SOURCE
Original cataloging agency IN-DiNC
Transcribing agency IN-DiNC
041 ## - LANGUAGE CODE
Language code of sung or spoken text Assamese
082 ## - DEWEY DECIMAL CLASSIFICATION NUMBER
Classification number 891.4514
Item number ASA
245 ## - TITLE STATEMENT
Title Asamiya gadyar saneki/
Statement of responsibility, etc. edited by Bijumoni Dutta and Nilima Sensua
250 ## - EDITION STATEMENT
Edition statement 1st ed.
260 ## - PUBLICATION, DISTRIBUTION, ETC.
Place of publication, distribution, etc. Guwahati:
Name of publisher, distributor, etc. Purbayon publication,
Date of publication, distribution, etc. 2022
300 ## - PHYSICAL DESCRIPTION
Extent 125p.
650 ## - SUBJECT ADDED ENTRY--TOPICAL TERM
Topical term or geographic name entry element Critical essays on Assamese prose
700 ## - ADDED ENTRY--PERSONAL NAME
Personal name Dutta, Bijumoni
Relator term Editor
700 ## - ADDED ENTRY--PERSONAL NAME
Personal name Sensua, Nilima
Relator term Editor
942 ## - ADDED ENTRY ELEMENTS (KOHA)
Source of classification or shelving scheme Dewey Decimal Classification
Koha item type Books
Holdings
Withdrawn status Lost status Source of classification or shelving scheme Damaged status Not for loan Collection code Home library Current library Shelving location Date acquired Cost, normal purchase price Total Checkouts Full call number Barcode Date last seen Date last checked out Copy number Price effective from Koha item type
    Dewey Decimal Classification     Assamese Central Library, Naharkatiya College Central Library, Naharkatiya College General Stacks 02/05/2022 170.00 7 891.4514 ASA 28832 11/04/2025 21/03/2025 1 02/05/2022 Books
    Dewey Decimal Classification     Assamese Central Library, Naharkatiya College Central Library, Naharkatiya College General Stacks 02/05/2022 170.00 4 891.4514 ASA 28833 06/05/2025 02/04/2025 2 02/05/2022 Books
    Dewey Decimal Classification     Assamese Central Library, Naharkatiya College Central Library, Naharkatiya College General Stacks 02/05/2022 170.00 12 891.4514 ASA 28834 01/03/2025 25/02/2025 3 02/05/2022 Books
    Dewey Decimal Classification     Assamese Central Library, Naharkatiya College Central Library, Naharkatiya College General Stacks 02/05/2022 170.00 20 891.4514 ASA 28835 05/05/2025 19/04/2025 4 02/05/2022 Books
    Dewey Decimal Classification     Assamese Central Library, Naharkatiya College Central Library, Naharkatiya College General Stacks 02/05/2022 170.00 11 891.4514 ASA 28836 08/04/2025 13/03/2025 5 02/05/2022 Books

Naharkatiya College © 2020. All rights reserved.

Powered By